| 000 | 01051nam a2200301 i 4500 | ||
|---|---|---|---|
| 001 | 192200 | ||
| 003 | SpMaBN | ||
| 005 | 20240219213728.0 | ||
| 008 | 221113s2016 sp 000 0dspa | ||
| 017 |
_aB 2111-2016 _bOficina Depósito Legal Barcelona |
||
| 035 | _a(OCoLC)953016283 | ||
| 040 |
_aSpMaBN _bspa _cSpMaBN _erdc |
||
| 080 | _a929 Franco Bahamonde, Francisco | ||
| 080 | _a323.285(460) | ||
| 100 | 1 |
_aBatista, Antoni. _926430 _eaut |
|
| 245 | 1 | 0 |
_aMatar a Franco : _blos atentados contra el dictador / _cAntoni Batista. |
| 260 |
_aBarcelona : _bPenguin Random House, _c[2016] |
||
| 300 |
_a238 páginas ; _c19 cm. |
||
| 490 | 1 | _aBest seller | |
| 500 | _aÍndice | ||
| 504 | _aBibliografía: páginas 235-[238] | ||
| 600 | 1 | 4 |
_aFranco Bahamonde, Francisco, _d1892-1975- _xIntentos de asesinato _9175830 |
| 830 | 0 |
_aBest seller _9226115 |
|
| 852 | 4 |
_aES-MaACL _jN-8146 _bR. 153277 _cDEPOJ _hDonación: Editorial _9199482 |
|
| 942 |
_cMONOGRAFIA _n0 |
||
| 999 |
_c192200 _d192200 |
||